| 000 | 00700nam a2200205 a 4500 | ||
|---|---|---|---|
| 005 | 20210223125227.0 | ||
| 008 | 031126s2000 es r 000 0 spa d | ||
| 020 | _a8474857112 | ||
| 035 | _aUPN01000131009 | ||
| 049 | _aCG | ||
| 050 | 4 |
_aHQ784 W3 _bG6.6 |
|
| 100 | 1 | _aGómez Isa, Felipe | |
| 245 | 1 | 3 |
_aLa participación de los niños en los conflictos armados : _bel protocolo facultativo a la convención sobre los derechos del niño / _cFelipe Gómez Isa. |
| 260 |
_aBilbao, Esp. : _bUniversidad de Deusto, _c2000. |
||
| 300 | _a82 p. | ||
| 440 | 0 |
_aCuadernos Deusto de derechos humanos ; _v10 |
|
| 650 | 4 |
_aNIÑOS Y GUERRA _912695 |
|
| 650 | 4 |
_aNIÑOS COMO SOLDADOS _914188 |
|
| 905 | _aLibro | ||
| 999 |
_c103164 _d103164 |
||